| 000 | 00514nam a2200181 a 4500 | ||
|---|---|---|---|
| 005 | 20230602063532.0 | ||
| 008 | 991125s1970 mx 000 0 spa u | ||
| 035 | _aUPN01000002913 | ||
| 049 | _aCG | ||
| 050 | 4 |
_aPQ7298.23 A516 _bA5.3 |
|
| 100 | 1 | _aManero, Mercedes | |
| 245 | 1 | 3 |
_aEl ángel caído : _bcuentos de México / _cMercedes Manero. |
| 260 |
_aMéxico : _bPax-México, _c1970. |
||
| 300 | _a221 p. | ||
| 650 | 4 |
_aCuentos mexicanos _96937 |
|
| 650 | 4 |
_aLiteratura mexicana _ySiglo XX _95344 |
|
| 905 | _aLibro | ||
| 999 |
_c2913 _d2913 |
||